Państwa Które Produkują najwięcej winogron - Statystyki

Ogólne statystyki
  • Ten quiz został rozwiązany 22 razy
  • Średni wynik to 2 z 15
Statystyki odpowiedzi
Hint Odpowiedź % Poprawnych
1,7 mln ton Uzbekistan
38%
2,7 mln ton Francja
25%
2,4 mln ton Argentyna
19%
2,8 mln ton Iran
19%
8,2 mln ton Włochy
19%
1,6 mln ton Australia
6%
1,4 mln ton Brazylia
6%
2,5 mln ton Chile
6%
1,6 mln ton Egipt
6%
6,6 mln ton Hiszpania
6%
1,4 mln ton Rosja
6%
6,8 mln ton USA
6%
14,5 mln ton Chiny
0%
3,0 mln ton Indie
0%
4,1 mln ton Turcja
0%
Nie znaleziono quizów pasujących do podanych kryteriów
Rozkład punktacji
Procent ludzi z każdym wynikiem
Percentyl według liczby udzielonych odpowiedzi
Twoja historia wyników
Nie rozwiązałeś tego quizu